[Event "Airthings Masters"]
[Site "chess.com INT"]
[Date "2023.02.03"]
[EventDate "2023.02.03"]
[Round "6"]
[Result "1/2-1/2"]
[White "Fabiano Caruana"]
[Black "Alireza Firouzja"]
[WhiteElo "2766"]
[BlackElo "2785"]
[PlyCount "62"]

1. d4 Nf6 2. c4 e6 3. Nf3 d5 4. Nc3 Nbd7 5. cxd5 exd5 6. Bg5 c6 7. e3 h6 8. Bh4
Be7 9. Bd3 O-O 10. O-O Re8 11. a4 a5 12. Qc2 Ne4 13. Bxe7 Qxe7 14. Rae1 b6 15.
Nd2 Nxd2 16. Qxd2 Ba6 17. Bxa6 Rxa6 18. e4 dxe4 19. Rxe4 Qf8 20. Rxe8 Qxe8 21.
Re1 Qd8 22. Qf4 Nf6 23. Ne4 Nd5 24. Qd6 Qxd6 25. Nxd6 Ra8 26. g3 Kf8 27. Kg2 Rd8
28. Nc4 f6 29. Re6 Nb4 30. Nxb6 Rxd4 31. Re2 Nd5 1/2-1/2

[Event "Airthings Masters"]
[Site "chess.com INT"]
[Date "2023.02.03"]
[EventDate "2023.02.03"]
[Round "7"]
[Result "1/2-1/2"]
[White "Alireza Firouzja"]
[Black "Samuel Sevian"]
[WhiteElo "2785"]
[BlackElo "2687"]
[PlyCount "128"]

1. e4 e5 2. Nf3 Nc6 3. Bb5 a6 4. Ba4 Nf6 5. O-O Nxe4 6. d4 b5 7. Bb3 d5 8. dxe5
Be6 9. c3 Be7 10. Nbd2 O-O 11. Bc2 f5 12. exf6 Nxf6 13. Re1 Bg4 14. h3 Bh5 15.
Nb3 Qd7 16. Bg5 Rad8 17. Nbd2 Bc5 18. Qb1 Qd6 19. Bf5 Rde8 20. Qd3 h6 21. Be3
Bxe3 22. Rxe3 Rxe3 23. Qxe3 Re8 24. Qd3 Ne5 25. Nxe5 Qxe5 26. Nb3 Qf4 27. g4 Bf7
28. Kg2 Qd6 29. Qg3 Qe7 30. g5 Nh5 31. Qg4 hxg5 32. Rg1 Qf6 33. Nd4 g6 34. Bb1
c5 35. Nf3 Re2 36. Qxg5 Rxb2 37. Qxf6 Nxf6 38. Ne5 d4 39. cxd4 cxd4 40. Nxf7
Kxf7 41. Kf3 Nd7 42. Bxg6+ Kf6 43. Be4 Ne5+ 44. Kg3 Rxa2 45. f4 Nc4 46. Kh4 Re2
47. Bd3 Re3 48. Bh7 Nd2 49. Rg6+ Kf7 50. Rxa6 d3 51. Rd6 Nf3+ 52. Kg3 Ne1+ 53.
Kf2 Re2+ 54. Kf1 Re3 55. Kf2 Re2+ 56. Kf1 Re3 57. f5 Nf3 58. Bg6+ Ke7 59. Rxd3
Rxd3 60. f6+ Kxf6 61. Bxd3 Kg5 62. Bxb5 Kh4 63. Bc6 Ng5 64. Ke2 Nxh3 1/2-1/2

[Event "Airthings Masters"]
[Site "chess.com INT"]
[Date "2023.02.03"]
[EventDate "2023.02.03"]
[Round "8"]
[Result "1/2-1/2"]
[White "Quang Liem Le"]
[Black "Alireza Firouzja"]
[WhiteElo "2728"]
[BlackElo "2785"]
[PlyCount "90"]

1. d4 Nf6 2. c4 e6 3. Nf3 d5 4. g3 Be7 5. Bg2 O-O 6. O-O dxc4 7. Qc2 a6 8. a4
Nc6 9. Qxc4 Na5 10. Qc2 b6 11. Nc3 Bb7 12. e4 c5 13. Rd1 cxd4 14. Nxd4 Qc7 15.
Qe2 Rfd8 16. Be3 Nc4 17. Bf4 e5 18. Nf5 exf4 19. Nxe7+ Qxe7 20. Qxc4 fxg3 21.
hxg3 Rac8 22. Qe2 h5 23. Rxd8+ Rxd8 24. Rd1 Re8 25. Qe3 Qb4 26. Rd2 Bc6 27. Qd4
a5 28. f3 Nd7 29. Bf1 Ne5 30. Kf2 Qe7 31. Qd6 Qg5 32. f4 Ng4+ 33. Kf3 Qf6 34.
Bb5 Ne5+ 35. Kg2 Qxd6 36. Rxd6 Bxb5 37. axb5 Nc4 38. Rc6 Nxb2 39. Rxb6 Rd8 40.
Rc6 a4 41. b6 Rb8 42. Nd5 a3 43. Rc7 a2 44. Ra7 Nc4 45. Rxa2 Nxb6 1/2-1/2

[Event "Airthings Masters"]
[Site "chess.com INT"]
[Date "2023.02.03"]
[EventDate "2023.02.03"]
[Round "1.1"]
[Result "1-0"]
[White "Alireza Firouzja"]
[Black "Raunak Sadhwani"]
[WhiteElo "2785"]
[BlackElo "2627"]
[PlyCount "52"]

1. c4 e5 2. g3 d6 3. Nc3 f5 4. d4 Be7 5. Bh3 c6 6. dxe5 dxe5 7. Qxd8+ Kxd8 8.
Nf3 e4 9. Ng5 Nh6 10. Bf4 Na6 11. O-O-O+ Ke8 12. f3 Bxg5 13. Bxg5 Nf7 14. Bf4
exf3 15. exf3 Ke7 16. Rhe1+ Kf6 17. Be3 Nc7 18. Bd4+ Kg6 19. Ne2 Re8 20. Nf4+
Kh6 21. Rxe8 Nxe8 22. Re1 Nf6 23. Re7 Nd6 24. c5 Nde8 25. Bf1 g5 26. Nd3 1-0

[Event "Airthings Masters"]
[Site "chess.com INT"]
[Date "2023.02.03"]
[EventDate "2023.02.03"]
[Round "1.2"]
[Result "1/2-1/2"]
[White "Raunak Sadhwani"]
[Black "Alireza Firouzja"]
[WhiteElo "2627"]
[BlackElo "2785"]
[PlyCount "78"]

1. d4 Nf6 2. Nc3 d5 3. Bf4 c5 4. e3 cxd4 5. exd4 a6 6. Nf3 Nc6 7. Ne5 Bd7 8. g4
e6 9. g5 Ng8 10. Nxc6 Bxc6 11. h4 Bd6 12. Qd2 Ne7 13. Bd3 Qc7 14. Ne2 Bxf4 15.
Qxf4 Qxf4 16. Nxf4 Kd7 17. Kd2 Bb5 18. a4 Bxd3 19. Nxd3 Nc6 20. c3 a5 21. Rh3
Kd6 22. Re1 Rae8 23. Rg3 e5 24. Rge3 f6 25. gxf6 gxf6 26. Rf3 Rhf8 27. Rf5 exd4
28. Rxe8 dxc3+ 29. bxc3 Rxe8 30. Rxf6+ Re6 31. Rf5 Rh6 32. h5 Ne7 33. Rg5 Rf6
34. f4 h6 35. Rg1 Rf5 36. Rh1 Ng8 37. Rg1 Ne7 38. Rh1 Ng8 39. Rg1 Ne7 1/2-1/2

[Event "Airthings Masters Div 1"]
[Site "chess.com"]
[Date "2023.02.07"]
[EventDate "?"]
[Round "1"]
[Result "1-0"]
[White "Alexey Sarana"]
[Black "Alireza Firouzja"]
[WhiteElo "2643"]
[BlackElo "2745"]
[PlyCount "116"]

1. d4  Nf6  2. c4  e6  3. Nc3  d5  4. Nf3  c5
 5. cxd5  cxd4  6. Qxd4  exd5  7. Bg5  Be7  8.
Rd1  Be6  9. Qa4+  Nc6  10. e4  O-O  11. Be2
d4  12. Nxd4  Nxd4  13. Qxd4
 Qa5  14. Bd2  Bc5  15. Na4  Bxd4  16. Bxa5  Be5  17. Bc3  Bc7  18.
f3  Bxa2  19. Nc5  b6  20. Ra1  bxc5  21. Rxa2  Bb6  22. Bc4  Rfd8  23.
Ke2  Ne8  24. Raa1  Nd6  25. Ba6  Kf8  26. Rhd1
Ne8  27. Bc4  Nc7  28. Rxd8+
 Rxd8  29. Rd1  Rxd1  30. Kxd1  a6  31. Kc2
Nb5  32. Be5  f6  33. Bg3  Ke7  34. Kb3  Kd7  35.
Ka4  Kc6  36. Bd5+  Kd7  37. Bb7  Bc7  38. Bf2
Bxh2  39. Bxc5  Nc7  40. Ka5
 Ne6  41. Be3  Nf4  42. g4  Nd3  43. Bxa6
Nxb2  44. Be2  g6  45. Bd4  Be5  46. Bxe5  fxe5
47. g5  Kc6  48. Kb4  Kb6  49. Kb3  Kc5  50. f4
exf4  51. Kxb2  Kd4  52. Bf3
 Ke3  53. e5  Kxf3  54. e6  Kg2  55. e7  f3
 56. e8=Q  f2  57. Qe4+  Kg3  58. Qh1  1-0

[Event "Airthings Masters Div 1"]
[Site "chess.com"]
[Date "2023.02.07"]
[EventDate "?"]
[Round "2"]
[Result "0-1"]
[White "Alireza Firouzja"]
[Black "Alexey Sarana"]
[WhiteElo "2745"]
[BlackElo "2643"]
[PlyCount "116"]

1. e4  c5  2. Nf3  d6  3. d4  cxd4  4. Nxd4
Nf6  5. Nc3  a6  6. Bd3  g6  7. f3  Qb6  8. a3
 e5  9. Bg5  Be7
10. Bxf6  Bxf6  11. Nd5  Qd8
 12. Ne2  Be6  13. Bc4  Nd7  14. Nec3  Rc8  15.
Ba2  O-O  16. Qd3  Bg5  17. O-O  h5  18. Kh1
h4  19. Rad1  Kg7  20. Qe2  Nc5  21. Qf2  Rc6  22.
Nb4  Rc8  23. Bd5  Rc7  24. Nba2  Qe7  25. a4
Nd7  26. Nb4  Nc5  27. a5  Qd8  28. Ra1  Nd7  29.
Rfd1  Nf6  30. Qb6  Rd7  31. Qxd8  Rfxd8  32. Na4  Be3  33. Rd3  Ba7  34.
Rad1  Kf8  35. c3  Nh5  36. R3d2  Be3  37. Re2
Ba7  38. Nb6  Bxb6  39. axb6
 Nf4  40. Red2  Bxd5  41. exd5  Rc8  42. g3
Nh5  43. Kg2  Rc4  44. Nc2  hxg3  45. hxg3  Rc5
46. Ne3  Rb5  47. Nc4  Rc5  48. b3  Nf6  49. g4
Ke7  50. Kf2  Rd8  51. g5  Nh5  52. Ra1  Nf4  53.
Na5  Rxc3  54. Nxb7  Rb8  55. Rxa6  Rxb7  56. Ra7  Rxa7  57. bxa7  Rc8
58. b4  Ra8  0-1